[Event "Dindigul Cities-ch"]
[Site "Dindigul"]
[Date "2014.06.19"]
[Round "6.1"]
[White "Rathanvel, VS."]
[Black "Veluchamy, R."]
[Result "1-0"]
[WhiteElo "2015"]
[BlackElo "1516"]
[PlyCount "61"]
[EventDate "2014.06.16"]
[EventType "team-swiss"]
[EventRounds "7"]
[EventCountry "IND"]
[SourceTitle "CBM 161 Extra"]
[Source "ChessBase"]
[SourceDate "2014.08.29"]
[SourceVersion "1"]
[SourceVersionDate "2014.08.29"]
[SourceQuality "1"]
[WhiteTeam "Coimbatore"]
[BlackTeam "Dindigul"]
[WhiteTeamCountry "IND"]
[BlackTeamCountry "IND"]

1. Nc3 e5 2. e4 Nc6 3. f4 exf4 4. Nf3 d6 5. d4 Bg4 6. Bxf4 Bxf3 7. gxf3 Qf6 8. Nd5 Qd8 9. Qd2 f6 10. h4 Nge7 11. Ne3 a6 12. 0-0-0 Nb8 13. Bh3 Nd7 14. Rhe1 Nc6 15. Qh2 Qe7 16. Nd5 Qd8 17. e5 Be7 18. exd6 cxd6 19. Nxe7 Nxe7 20. Bxd6 0-0 21. Bxe7 Qc8 22. Bxf8 Kxf8 23. Qd6+ Kg8 24. Re7 Qc6 25. Qg3 g6 26. Bxd7 Qb6 27. Be6+ Kh8 28. Rg1 g5 29. hxg5 Qxd4 30. Rxh7+ Kxh7 31. Qh3+ 1-0